000 00729nam a2200265Ia 4500
003 OSt
005 20221006151828.0
006 a|||||r|||| 00| 0
007 ta
008 221006b |||||||| |||| 00| 0 eng d
020 _c638.55
024 _a23,556
037 _cTextual
040 _aEASL
_cEASL
_beng
041 _2eng
_aeng
082 _aV41:19:(Z1)nN81, M4
100 _aCHIU Hungdah Ed.
_9649250
245 0 _aChinese yearbook of international law and affairs
260 _aTaiwan
_bChinese Society of International Law China
_c1984
300 _a392p.
_ccm.
490 _v RR
650 _aCEL
942 _hV41:19:(Z1)nN81, M4
_cTEXL
_2CC
999 _c1091642
_d1091642